Robustez de los métodos de sintonización de controladores PI y PID basados en modelos de primer orden más tiempo muerto
Guardado en:
| Hovedforfatter: | |
|---|---|
| Andre forfattere: | |
| Format: | Bog |
| Udgivet: |
[San José, Costa Rica]
2004
|
| Fag: | |
| Tags: |
Tilføj Tag
Ingen Tags, Vær først til at tagge denne postø!
|
MARC
| LEADER | 00000nam a2200000Ia 4500 | ||
|---|---|---|---|
| 003 | 009406 | ||
| 005 | 20240508113838.0 | ||
| 008 | 140114s2004 cr a m 000 ||s d | ||
| 040 | |c cru CEDI | ||
| 090 | |a TFG 4948 | ||
| 100 | |a Desanti Menéndez, José Andrés, 1980- |9 2997 | ||
| 245 | |a Robustez de los métodos de sintonización de controladores PI y PID basados en modelos de primer orden más tiempo muerto | ||
| 260 | |a [San José, Costa Rica] |c 2004 | ||
| 300 | |a xxi, 218 hojas : ilustraciones (algunas a color) | ||
| 500 | |a Proyecto de graduación (bachillerato en ingeniería eléctrica)--Universidad de Costa Rica. Facultad de Ingeniería. Escuela de Ingeniería Eléctrica | ||
| 501 | |a Profesor Guía de IE-0502 Proyecto Eléctrico: Ing. Víctor M Alfaro Ruiz | ||
| 650 | |x CONTROL AUTOMATICO |x CONTROLADORES LOGICOS PROGRAMABLES |x CONTROLADORES PID |9 6303 | ||
| 700 | |a Alfaro Ruiz, Víctor Manuel, 1950- |d Director de Proyecto Eléctrico |9 1328 | ||
| 942 | |c TFG |h TFG 4948 |i 009406 |6 TFG_4948_009406000000000 | ||
| 999 | |c 17472 |d 17472 | ||
